000 00662nja a2200205 a 4500
003 BLK
005 20241018005345.0
008 180414c bul|r|ner|||| 00| c0bul d
010 _aNOT00003221027
040 _aBLK
100 _aЧайковски, Пьотър Илич
_9367519
245 1 0 _aРуска нар. песен
_cПьотър Илич Чайковски.
257 _aBGR
380 _a7
773 _0316527
_9669413
_aЧайковски, Пьотър Илич
_tМалкият пианист
852 _aЦб М ІІ 267
942 _cNOT
_n0
944 _aCR
_c20.08.2010
_k
_lCRON CRON
944 _aED
_c29.02.2016
_kИрена_Линкова
999 _c316554
_d316554